000 00909nam a2200205 i 4500
001 154388
003 ES-MaACL
005 20251223063021.0
008 040707s1898 it |||| | ita d
100 1 _aGoltz, Colmar von der,
_cBaron
_9127365
245 1 3 _aLa nazione armata
_b: libro sull'organizzazione degli eserciti e la condotta della guerra dei tempi nostri /
_cdel Barone Colmar von der Goltz.
250 _a2ª ed... della traduzione italiana / fatta... Pasquale Meomartini.
260 _aRoma :
_bEnrico Voghera,
_c1898 (
_eBenevento :
_fTip. Giuseppe De Martini)
300 _aXV, 502, [2] p., [1] h. pleg. ;
_c25 cm.
650 4 _aFuerzas armadas.
_912997
650 0 7 _aArte y ciencia militar
_2embne
_9135619
700 1 _aMeomartini, Pasquale.
_9129844
852 _aES-MaACL
_jF-9905
_z- Enc. hol., conservando enc. original
_z- Donación de Luis Luchesi
999 _c154388
_d154388